000 00309nam a22001337a 4500
008 170601b xxu||||| |||| 00| 0 eng d
020 _a9780198780656
041 _aeng
080 _a94(100)
100 _a17
101 _aSHH
245 _aINTERNATIONAL SYSTEMS IN WORLD HISTORY
_cBUZAN,B
942 _2udc
_cBK
999 _c15321
_d15321